Missing Word: Harrison Ford Quiz Stats

 Plays Quiz Updated Feb 26, 2020

Support Sporcle.
Go Orange.
Score 0/24 Timer 03:00
0 Plays Today
Movie Title Missing Word % Correct
The Empire ____ BackStrikes
94.7%
Air Force ____One
94.5%
____ of the JediReturn
93.1%
Indiana Jones and the Temple of ____Doom
91.8%
____ of the Lost ArkRaiders
90.1%
Star ____Wars
86.6%
Indiana Jones and the ____ CrusadeLast
83.8%
Blade ____ 2049Runner
83.8%
Six Days, ____ NightsSeven
83.8%
Clear and ____ DangerPresent
79.3%
What Lies ____Beneath
78.3%
The ____ of the WildCall
77.5%
Movie Title Missing Word % Correct
Ender's ____Game
75.8%
The Force ____Awakens
72.5%
Indiana Jones and the Kingdom of the ____ SkullCrystal
71.3%
____ GraffitiAmerican
70.7%
____ & AliensCowboys
69.1%
Presumed ____Innocent
51.4%
Morning ____Glory
48.1%
Working ____Girl
47.5%
____ GamesPatriot
44.1%
____ NowApocalypse
30.9%
The Mosquito ____Coast
25.7%
The ____ of AdalineAge
23.9%

Today's Daily Dose

You're not logged in!

Compare scores with friends on all Sporcle quizzes.
OR
Log In

From the Vault

Character, Movie, Location Matchup II

by AdamL

Your mother's three favorite questions: Who? What? Where?
Remove Ads.
Support Sporcle.
Get the best of Sporcle when you Go Orange. This ad-free experience offers more features, more stats, and more fun while also helping to support Sporcle. Thank you for becoming a member.

Show Comments

Extras

Top Quizzes Today


Score Distribution

Your Account Isn't Verified!

In order to create a playlist on Sporcle, you need to verify the email address you used during registration. Go to your Sporcle Settings to finish the process.

Report this User

Report this user for behavior that violates our Community Guidelines.

Details: